[Event "Canadian op"]
[Site "Edmonton"]
[Date "2009.07.14"]
[Round "4.95"]
[White "Situ, Dennis"]
[Black "Pavlic, Stephen"]
[Result "1/2-1/2"]
[WhiteElo "1388"]
[BlackElo "1341"]
[PlyCount "115"]
[EventDate "2009.07.11"]
[EventType "swiss"]
[EventRounds "9"]
[EventCountry "CAN"]
[SourceTitle "EXT 2022"]
[Source "ChessBase"]
[SourceDate "2021.10.06"]
[SourceVersion "1"]
[SourceVersionDate "2021.10.06"]
[SourceQuality "1"]

1. e4 e5 2. Nf3 Nc6 3. d4 exd4 4. Nxd4 d6 5. Nxc6 bxc6 6. Bd3 Nf6 7. 0-0 Be7 8. Re1 0-0 9. e5 dxe5 10. Rxe5 Bd6 11. Re1 Ng4 12. h3 Nf6 13. Nc3 Re8 14. Bg5 h6 15. Bd2 Rxe1+ 16. Qxe1 Be6 17. Ne4 Be5 18. Rb1 Bd5 19. Qe2 Rb8 20. b3 Qd7 21. Re1 Re8 22. Nxf6+ gxf6 23. Qh5 Kf8 24. Qxh6+ Ke7 25. Bb4+ Kd8 26. f4 Bd4+ 27. Kf1 c5 28. Rxe8+ Qxe8 29. Bd2 Qg8 30. g4 Qe8 31. c3 Be3 32. Qxf6+ Kc8 33. Bxe3 Qxe3 34. Qf5+ Be6 35. Qe4 Qxh3+ 36. Ke1 Qg3+ 37. Kd2 Qf2+ 38. Be2 Bxg4 39. Qe3 Qh2 40. Kd3 Bxe2+ 41. Qxe2 Qxf4 42. Qe8+ Kb7 43. Qb5+ Kc8 44. Qxc5 Qf3+ 45. Qe3 Qxe3+ 46. Kxe3 Kd7 47. Kd4 Kd6 48. Ke4 Ke6 49. a3 f5+ 50. Kf4 Kf6 51. b4 c6 52. c4 Ke6 53. b5 cxb5 54. cxb5 Kf6 55. a4 Ke6 56. a5 Kd6 57. b6 axb6 58. axb6 1/2-1/2